000 00410nam a2200133 i 4500
001 49540
003 ES-MaACL
007 t|
008 030717s1868 po ||||1| por d
100 1 _aCosta Alvarenga, Pedro Francisco da.
_941084
245 1 0 _aEstudo sobre as perforaƧoes cardiacas
_b: memoria... /
_cPedro Francisco de Costa Alvarenga.
260 _aLisbo :
_b[s.n.],
_c1868.
852 _aES-MaACL
_jT-326-F-5
999 _c49540
_d49540